Kluby we Włoszech, które w XXI w. grały w europejskich pucharach - Statystyki

Ogólne statystyki
  • Ten quiz został rozwiązany 59 razy
    57 od ostatniego zresetowania
  • Średni wynik to 15 z 20
Statystyki odpowiedzi
Klub % Poprawnych
AC Milan
100%
Inter Mediolan
100%
Juventus
100%
Lazio
98%
AS Roma
96%
Fiorentina
96%
SSC Napoli
96%
Atalanta BC
88%
AC Parma
87%
Torino FC
81%
Palermo FC
79%
Udinese
75%
Genoa FC
73%
Sampdoria
69%
Bologna FC
63%
US Sassuolo
60%
Empoli FC
50%
Chievo Verona
46%
Perugia AC
29%
US Livorno
29%
Nie znaleziono quizów pasujących do podanych kryteriów
Rozkład punktacji
Procent ludzi z każdym wynikiem
Percentyl według liczby udzielonych odpowiedzi
Twoja historia wyników
Nie rozwiązałeś tego quizu od ostatniego zresetowania